000 00549nam a2200181Ia 4500
003 GCL
008 140319s9999 xx 000 0 ara d
040 _aGCL /
_cGCL
082 0 4 _a150
_bف ف
100 1 _aفتحى التريكى
245 1 0 _aالفلسفة الشريرة: دراسات فى الفلسفة المعاصرة /
_cفتحى التريكى
260 _a[S.N] :
_bمركز الانماء القومى
300 _a78 ص
490 _a
650 0 4 _aالفلسفة
650 0 4 _aالفلسفة المعاصرة
942 _2ddc
_cBK
999 _c44493
_d44493